000 00540 a2200181 4500
999 _c8843
_d8843
020 _a9781259254215
050 _aKF 889 BAR 2015
100 _aBarnes , A .James
_eauthor
245 _aLaw for business
_cby A , James Barnes
264 _aNew York :
_bMcGraw Hill,
_c2015.
300 _a1032p.:
500 _aincludes index.
650 _aCommercial law
_xUnited States.
650 _a Trade regulation
_x United States.
700 _aTerry Morwehead Dworkin
_eauthor
700 _aEric L Richards
_eauthor
942 _2lcc
_cBK
_h889
_iBAR
_kKF